Jak využít transakční analýzu a přenos

Personálna práca sa stále viac profesionalizuje, je teda samozrejmosťou rozumieť základným psychologickým pojmom a využívať v personalistike niektoré schopnosti, ktoré skôr patrili do oblasti psychológie. Traksakčná analýza, druhy komunikácie. Prenos a protiprenos a ako mu zabrániť.

Uložené v:
Podrobná bibliografia
Hlavný autor: Králová, Jana
Médium: Kapitola
Jazyk:Czech
Predmet:
Tagy: Pridať tag
Žiadne tagy, Buďte prvý, kto otaguje tento záznam!

MARC

LEADER 00000naa$a2200000$$$4500
001 0076639
005 20231019114323.7
041 0 |a cze 
044 |a CZ 
245 1 0 |a Jak využít transakční analýzu a přenos  |c Jana Králová 
520 |a Personálna práca sa stále viac profesionalizuje, je teda samozrejmosťou rozumieť základným psychologickým pojmom a využívať v personalistike niektoré schopnosti, ktoré skôr patrili do oblasti psychológie. Traksakčná analýza, druhy komunikácie. Prenos a protiprenos a ako mu zabrániť. 
610 2 0 |a personalistika 
610 2 0 |a psychológia 
610 2 0 |a manažéri 
100 1 |a Králová, Jana